000 00561nam a2200193Ia 4500
001 18892
003 GE_BSU
008 181216s||||||||xx |||||||||||||| ||und||
040 _cGE_BSU
245 _aХимия и жизнь-XXI век. №7. 2016
245 _bежемесячный научно-популярный журнал
245 _cГл.ред.Стельникова Л.Н.
260 _aМосква
260 _bнаука пресс
260 _c2016
300 _a64стр,ил,28см
653 _aХимия и жизнь
942 _cCR
999 _c51892
_d51892